| 000 | 00415nam a22001337a 4500 | ||
|---|---|---|---|
| 008 | 230605b xxu||||| |||| 00| 0 eng d | ||
| 020 | _a9966767193 | ||
| 082 |
_a33090320 _bKEN |
||
| 245 |
_aEconomic Survey 2010 _cKenya National Bureau of Statistics |
||
| 260 |
_aNairobi _bKenya National Bureau of Statistics _c2010 |
||
| 300 | _a294 p | ||
| 710 |
_bKenya National Bureau of Statistics _cNairobi _d2010 |
||
| 942 |
_2ddc _cBK |
||
| 999 |
_c297 _d297 |
||